[Event "GER-chT School WK Girls"]
[Site "Playchess.com INT"]
[Date "2020.06.17"]
[Round "7.3"]
[White "Schmidt, Mia"]
[Black "Hartmann, Maria"]
[Result "0-1"]
[WhiteElo "1620"]
[BlackElo "1583"]
[PlyCount "90"]
[EventDate "2020.06.10"]
[EventType "team-swiss (blitz)"]
[EventRounds "7"]
[EventCountry "GER"]
[SourceTitle "EXT 2021"]
[Source "ChessBase"]
[SourceDate "2020.10.23"]
[SourceVersion "1"]
[SourceVersionDate "2020.10.23"]
[SourceQuality "1"]
[WhiteTeam "Luebeck Johanneum"]
[BlackTeam "Oppenheim Gymn"]
[WhiteTeamCountry "GER"]
[BlackTeamCountry "GER"]

1. e4 e5 2. Nf3 Nc6 3. Nc3 Nf6 4. Bc4 Bc5 5. h3 d6 6. d3 h6 7. Be3 Be6 8. 0-0 Bxe3 9. Bxe6 Bc5 10. Bc4 Na5 11. Bb5+ c6 12. Ba4 Nd7 13. Bb3 Nxb3 14. axb3 Nf6 15. Ra5 Bb4 16. Ra4 Bxc3 17. b4 Bxb2 18. b5 cxb5 19. Rb4 Ba3 20. Rxb5 Nh5 21. Nh4 Nf4 22. Nf5 Qg5 23. Qf3 Ne2+ 24. Qxe2 a6 25. Rxb7 0-0 26. Re7 Rae8 27. Rd7 Rd8 28. Ra7 d5 29. Rxa6 dxe4 30. Qxe4 Rfe8 31. Rxa3 Rd4 32. Nxd4 Qd8 33. Nf3 Re6 34. Qd4 Qe7 35. Qc3 Rg6 36. h4 h5 37. Qd2 Qb7 38. Ng5 f6 39. Ne4 Qb2 40. Rfa1 Qb7 41. Ra8+ Kf7 42. Rh8 f5 43. Ng5+ Kf6 44. Nh7+ Ke6 45. Raa8 Qxg2# 0-1